| 000 | 00673nam a22001817a 4500 | ||
|---|---|---|---|
| 003 | BD-DhUL | ||
| 005 | 20180506120643.0 | ||
| 008 | 180506s1991 nyu||||| |||| 00| 0 eng d | ||
| 040 |
_aBD-DhUL _cBD-DhUL |
||
| 082 |
_a341.133 _bUNR |
||
| 110 | 1 | _aUnited Nations | |
| 245 | 1 | 0 |
_aResolutions and decisions : _badopted by the general assembly during its eighteenth special session : 23 April-1 May 1990 / _cUnited Nations. |
| 260 |
_aNew York : _bUnited Nations, _c1991 |
||
| 300 |
_aiii, 13 p. ; _c28 cm |
||
| 504 | _a"General assembly, official records : eighteenth special session, supplement no. 2 (A/S-18/15)" | ||
| 650 | 0 | _aLaw of nations | |
| 942 |
_2ddc _cBK |
||
| 999 |
_c240979 _d240979 |
||